banner-ar

EXERCISE AND SPORT SCIENCES REVIEWS, VOL 20 1992 / (Record no. 22155)

MARC details
000 -الفاتح
حقل البيانات ثابتة الطول 00601nam a2200217Ia 4500
008 - عناصر البيانات ثابتة الطول - معلومات عامة
حقل البيانات ثابتة الطول 140319s9999 xx 000 0 eng d
040 ## - مصدر الفهرسة
وكالة الفهرسة الأصلية GCL /
وكالة النسخ GCL
082 04 - رقم تصنيف ديوى العشرى
رقم التصنيف 612.76
رقم المادة H E
100 1# - المدخل الرئيسى - إسم شخصى
الإسم الشخصى HOLLOSZY, JOHN O.
245 10 - بيان العنوان
العنوان EXERCISE AND SPORT SCIENCES REVIEWS, VOL 20 1992 /
بيان المسئوليه,etc HOLLOSZY, JOHN O.
260 ## - PUBLICATION, DISTRIBUTION, ETC. (IMPRINT)
تاريخ النشر أو التوزيع 1992
300 ## - الوصف المادى
التعداد 387 P
490 ## - بيان السلسلة
عنوان السلسلة AMERICAN COLLEGE OF SPORTS MEDICINE SERIES
رقم المجلد/ التعيين التسلسلي 0
650 04 - المدخل الاضافى بالموضوع-مصطلح موضوعى
مصطلح موضوعي GENETICS
650 04 - المدخل الاضافى بالموضوع-مصطلح موضوعى
مصطلح موضوعي MASS MEDIA
650 04 - المدخل الاضافى بالموضوع-مصطلح موضوعى
مصطلح موضوعي SPORTS
650 04 - المدخل الاضافى بالموضوع-مصطلح موضوعى
مصطلح موضوعي HUMAN PHYSIOLOGY
650 04 - المدخل الاضافى بالموضوع-مصطلح موضوعى
مصطلح موضوعي HUMAN ENERGY
942 ## - عناصر المدخل الإضافي( كوها)
مصدر التصنيف او مخطط الترفيف Dewey Decimal Classification
Koha [default] item type كتاب
260 ## - PUBLICATION, DISTRIBUTION, ETC. (IMPRINT)
-- [S.N] :
-- WILLIAMS & WILKINS ،
Holdings
حالة التراجع حالة الفقد حالة تلف ليس للاعارة المكان المؤقت الموقع الحالى تاريخ الاكتساب اجمالي اﻻعارات رقم الطلب الباركود تاريخ اخر مشاهدة تاريخ تفعيل السعر نوع وعاء كوها
        مكتبة القاهرة الكبرى مكتبة القاهرة الكبرى 03/26/2014   612.76\H E 40366 03/26/2014 03/26/2014 كتاب

Powered By

EGPV